Văn hóa dân gian phi vật thể : Huyện Ngã Năm - Sóc Trăng
Giới thiệu đặc điểm tự nhiên, biểu hiện văn hóa phi vật thể trong đời sống người dân huyện Ngã Năm, tín ngưỡng, phong tục và các trò chơi dân gian...
Wedi'i Gadw mewn:
| Prif Awdur: | |
|---|---|
| Fformat: | Llyfr |
| Iaith: | Undetermined |
| Cyhoeddwyd: |
Hà Nội
Khoa học - Xã hội
2015
|
| Pynciau: | |
| Tagiau: |
Ychwanegu Tag
Dim Tagiau, Byddwch y cyntaf i dagio'r cofnod hwn!
|
| Thư viện lưu trữ: | Trung tâm Học liệu Trường Đại học Cần Thơ |
|---|
| LEADER | 00914nam a2200217Ia 4500 | ||
|---|---|---|---|
| 001 | CTU_209294 | ||
| 008 | 210402s9999 xx 000 0 und d | ||
| 082 | |a 398.0959799 | ||
| 082 | |b Th561 | ||
| 100 | |a Trần, Minh Thương | ||
| 245 | 0 | |a Văn hóa dân gian phi vật thể : | |
| 245 | 0 | |b Huyện Ngã Năm - Sóc Trăng | |
| 245 | 0 | |c Trần Minh Thương | |
| 260 | |a Hà Nội | ||
| 260 | |b Khoa học - Xã hội | ||
| 260 | |c 2015 | ||
| 520 | |a Giới thiệu đặc điểm tự nhiên, biểu hiện văn hóa phi vật thể trong đời sống người dân huyện Ngã Năm, tín ngưỡng, phong tục và các trò chơi dân gian... | ||
| 650 | |a Văn hóa dân gian,Folklore | ||
| 650 | |z Việt Nam,Vietnam | ||
| 904 | |i Trần Thị Yến Nhi,Hải | ||
| 980 | |a Trung tâm Học liệu Trường Đại học Cần Thơ | ||